| 000 | 00575 a2200181 4500 | ||
|---|---|---|---|
| 999 |
_c7879 _d7879 |
||
| 020 | _a9780470742709 (pbk.) | ||
| 020 | _a0470742704 (pbk.) | ||
| 050 | 0 | 0 | _aLB 2369 WIN 2009 |
| 100 | 1 |
_aWinstanley, Carrie. _eauthor |
|
| 245 | 1 | 0 |
_aWriting a dissertation for dummies / _cCarrie Winstanley. |
| 264 |
_aWest Sussex : _bJohn Wiley & Sons _c2009 |
||
| 300 |
_axviii, 338 p. : _bill. ; |
||
| 500 | _aIncludes index.. | ||
| 500 | _aIncludes index. | ||
| 650 | 0 | _aDissertations, Academic. | |
| 942 |
_2lcc _cBK _h2369 _iWIN _kLB |
||